Jesús de Nazaret: historia e interpretación
Gespeichert in:
| 1. Verfasser: | |
|---|---|
| Format: | Buch |
| Sprache: | Spanisch |
| Veröffentlicht: |
Salamanca
Sígueme
1985
|
| Ausgabe: | 1a. ed |
| Schriftenreihe: | Verdad e Imagen, 93
|
| Schlagworte: | |
| Tags: |
Tag hinzufügen
Keine Tags, Fügen Sie den ersten Tag hinzu!
|
MARC
| LEADER | 00000cam a2200000 a 4500 | ||
|---|---|---|---|
| 001 | UCJ0962 | ||
| 003 | CL-VaPUC | ||
| 008 | 060929e19850000SP |||||||||||||||||spa|d | ||
| 020 | |a 8430109765 | ||
| 082 | 0 | 4 | |a 232 |b FAB |2 21 |
| 100 | 0 | |a Fabris, Rinaldo |e author |9 501466 | |
| 245 | 1 | 0 | |a Jesús de Nazaret: historia e interpretación |
| 250 | |a 1a. ed | ||
| 300 | |a 343 p | ||
| 942 | |c BK | ||
| 945 | |d 20060929 00:00:00 |a cmena | ||
| 260 | |a Salamanca |b Sígueme |c 1985 | ||
| 600 | 0 | |a Jesús |9 313614 | |
| 650 | 0 | |a Cristología |9 315091 | |
| 650 | 0 | |a Vida religiosa |9 257284 | |
| 650 | 0 | |a Fuentes Históricas |9 265141 | |
| 583 | |a last modification |c 20150708 02:26:54 |k Rodrigo Vera | ||
| 490 | 0 | |a Verdad e Imagen, 93 | |
| 999 | |c 317697 |d 317695 | ||
| 952 | |0 0 |1 2 |4 0 |6 232_000000000000000_FAB_1985 |7 0 |8 A |9 394570 |a BIBTEO |b BIBTEO |d 2019-11-22 |i 4265467 |o 232 FAB 1985 |p 4265467 |r 2019-11-22 |w 2019-11-22 |y BK |k ICR | ||
| 952 | |0 0 |1 0 |3 erb |4 0 |6 232_000000000000000_FAB_1985 |7 0 |8 A |9 394571 |a BIBTEO |b BIBTEO |e Casale Rolle, Carlos Ignacio, -2014 |i 5181410 |o 232 FAB 1985 |p 5181410 |r 2025-01-17 |w 2019-11-22 |y BK |z Catalogado en:20150710 |k ICR | ||